| 000 | 02704cam a2200373 i 4500 | ||
|---|---|---|---|
| 999 |
_c9337 _d9337 |
||
| 001 | 987796822 | ||
| 003 | OCoLC | ||
| 005 | 20241126110710.0 | ||
| 008 | 171024s2018 miu b 001 0 eng | ||
| 010 | _a2017050533 | ||
| 020 |
_a9780801098727 _qpaperback ; _qalkaline paper |
||
| 020 |
_a0801098726 _qpaperback ; _qalkaline paper |
||
| 024 | 8 | _a99976800246 | |
| 035 | _a(OCoLC)987796822 | ||
| 040 |
_aDLC _beng _erda _cDLC _dOCLCO _dOCLCF _dOCLCQ _dWIO _dYDX _dOCLCO _dPAU |
||
| 042 | _apcc | ||
| 050 | 0 | 0 |
_aBS511.3 _b.C3775 2018 |
| 082 | 0 | 0 |
_a220.601 _223 _bCAR |
| 092 |
_a220.601 _bC24i |
||
| 100 | 1 |
_aCarter, Craig A., _d1956- _0https://id.loc.gov/authorities/names/n2006065748 _eauthor. _916274 |
|
| 245 | 1 | 0 |
_aInterpreting scripture with the great tradition : _brecovering the genius of premodern exegesis / _cCraig A. Carter. |
| 264 | 1 |
_aGrand Rapids, Michigan : _bBaker Academic, _c[2018] |
|
| 300 |
_axxiv, 279 pages ; _c23 cm |
||
| 336 |
_atext _btxt _2rdacontent |
||
| 337 |
_aunmediated _bn _2rdamedia |
||
| 338 |
_avolume _bnc _2rdacarrier |
||
| 504 | _aIncludes bibliographical references and index. | ||
| 505 | 0 | _a1. Who is the suffering servant? : the crisis in contemporary hermeneutics -- Part 1. Theological Hermeneutics : -- 2. Toward a theology of Scripture -- 3. The theological metaphysics of the great tradition -- 4. The history of biblical interpretation reconsidered -- Part 2. Recovering Premodern Exegesis : -- 5. Reading the Bible as a unity centered on Jesus Christ -- 6. Letting the literal sense control all meaning -- 7. Seeing and hearing Christ in the Old Testament -- Conclusion : -- 8. The identity of the suffering servant revealed -- Appendix : Criteria for limiting the spiritual sense | |
| 520 | _aThe rise of modernity, especially the European Enlightenment and its aftermath, has negatively impacted the way we understand the nature and interpretation of Christian Scripture. In this introduction to biblical interpretation, Craig Carter evaluates the problems of post-Enlightenment hermeneutics and offers an alternative approach: exegesis in harmony with the Great Tradition. Carter argues for the validity of patristic christological exegesis, showing that we must recover the Nicene theological tradition as the context for contemporary exegesis, and seeks to root both the nature and interpretation of Scripture firmly in trinitarian orthodoxy. | ||
| 630 | 0 | 0 |
_aBible _xCriticism, interpretation, etc. _xHistory. _0https://id.loc.gov/authorities/subjects/sh85013621 _91904 |
| 655 | 7 |
_aCriticism, interpretation, etc. _2fast _0https://id.worldcat.org/fast/1411635 _91372 |
|
| 655 | 7 |
_aHistory. _2fast _0https://id.worldcat.org/fast/1411628 _9661 |
|
| 942 |
_2ddc _cBK |
||